Monika /
Uložené v:
| Ďalší autori: | |
|---|---|
| Médium: | Kniha |
| Jazyk: | Slovak |
| Vydané: |
Bratislava :
Evitapress,
2013.
|
| Vydanie: | 1. vyd. |
| Edícia: | Medzi nami
|
| Témy: | |
| ISBN: |
9788089452705 (brož.) |
| Fyzický popis: |
199 s., [16] s. obr. príl. : fotogr., portréty ; 17 cm. |
| Tagy: |
Pridať tag
Žiadne tagy, Buďte prvý kto otaguje tento záznam!
|
Titul je dostupný aj v ... 

MARC
| LEADER | 00000nam a2200000 a 4500 | ||
|---|---|---|---|
| 001 | 000428913 | ||
| 005 | 20131120085142.0 | ||
| 008 | 130628s2013 xo co e 000 0bslo d | ||
| 020 | |a 9788089452705 (brož.) | ||
| 040 | |a SVKKK |b slo |c SVKKK |e AACR2 | ||
| 041 | 0 | |a slo | |
| 043 | |a e-xo--- | ||
| 044 | |a xo |c SK | ||
| 072 | 7 | |a 32 |x Politika |2 konspekt | |
| 072 | 7 | |a 929 |x Biografie |2 konspekt | |
| 080 | |a 929 |2 2001 | ||
| 080 | |a 32-055.2 |2 2001 | ||
| 080 | |a (437.6) |2 2001 | ||
| 080 | |a (047.53) |2 2001 | ||
| 100 | 1 | |a Urbaníková, Eva, |d 1976- |4 ivr | |
| 245 | 1 | 0 | |a Monika / |c Eva Urbaníková. |
| 250 | |a 1. vyd. | ||
| 260 | |a Bratislava : |b Evitapress, |c 2013. | ||
| 300 | |a 199 s., [16] s. obr. príl. : |b fotogr., portréty ; |c 17 cm. | ||
| 490 | 1 | |a Medzi nami | |
| 600 | 1 | 7 | |a Flašíková-Beňová, Monika, |d 1968- |
| 650 | 0 | 7 | |a političky |2 SVKKKPH |
| 651 | 7 | |a Slovensko |2 SVKKKPH | |
| 655 | 7 | |a rozhovory |2 SVKKKPH | |
| 700 | 1 | |a Flašíková-Beňová, Monika, |d 1968- |4 ive | |
| 830 | 0 | |a Medzi nami | |
| 910 | |a svkkk | ||
| 919 | |a 978-80-89452-70-5 | ||
| 998 | |a BK | ||
| 090 | |g SCKHL |k Sklad Hlavná 10 prízemie |a I.81207 |j 1047965 |i 2720298417 |s Absenčne | ||